000 00526nam a2200169 4500
001 118927
003 ES-MaACL
005 20230906191215.0
007 t|
008 070214s1972 sp r ||||1| spa d
100 1 _aPérez Delgado, Rafael.
_990829
245 1 0 _aBartolomé Esteban Murillo /
_cRafael Pérez Delgado ; prólogo de Ramón Carande.
260 _aMadrid :
_bGiner,
_c1972.
300 _a232 p. con 15 láms. col. :
_bil ;
_c35 cm.
700 1 _aCarande, Ramón.
_934952
852 _aES-MaACL
_jC-51829
_bR.85542
999 _c118927
_d118927